000 00319nam a22001337a 4500
008 170620b xxu||||| |||| 00| 0 eng d
020 _a0087067972
041 _aeng
080 _a32
100 _a20
101 _ashp
245 _aOPPORTUNIES AND DANGERS OF SOVIET CUBAN EXPASION
_cPAYNE.R.J
942 _2udc
_cBK
999 _c18261
_d18261